杏林深耕四十年
| 資料類型: | 圖書 | 書目號: | 40820 |
Leader xxxxxxxxxx 001 __ PCLIS00040820 005 __ 20090508160223.0 008 __ chi 010 0_ |a978-957-05-2332-4|b平裝|d 042 __ |anbic 100 __ |a20081022d2009 k y0chiy09 e 101 0_ |achi 102 __ |atw 105 __ |aa z 000yy 200 1_ |a杏林深耕四十年|e|f陳文龍著 205 __ |a初版 210 __ |a臺北市|c臺灣商務|d2009.01 215 0_ |a235面|c|d21公分 225 2_ |a新萬有文庫|i文學|v 260 1_ |a2009 300 __ |a 681 __ |a856.9|b7500|v增訂八版 700 _1 |a陳|b文龍|4 702 __ |a|b|4 801 _0 |atw|bCIP|c20081022|gCCR 801 _2 |aTW|bPTL|c20090508|gCCR |